zpět

Detail výsledku týmu

Hloupý Honza, Praha

Datum a čas kvízu

36.5 Celkem bodů Celkový počet nahraných bodů na tomto kvízu bez doplňovacích otázek.
3. Pořadí na kvízu Konečné umístění týmu na tomto kvízu.

Zaznamenané odpovědi

# Otázka Odpověď Body Výsledky
1. Bývalého ředitele jedné pražsk... 0
2. Jacinda Ardernová je ženou mno... 1
3. Slovní spojení z hitu Karla Zi... 0
4. Italský módní dům Versace bude... 0
5. Můžeme si říci, že je to náhod... 1
6. Minulý týden uplynulo 80 let o... 1
7. Které z těchto sídel se nenach... 0
8. Winston Churchill po podepsání... 1
9. Německo nebylo jediným státem,... 1
10. Otázku, zda se Československo... 1